Đạo Khổng trong văn Bác Hồ Trích lục và chú giải 1921 - 1969

Đã lưu trong:
书目详细资料
主要作者: Đào, Phan
格式: 图书
语言:Undetermined
出版: Hà Nội VHTT 1996
主题:
标签: 添加标签
没有标签, 成为第一个标记此记录!
Thư viện lưu trữ: Trung tâm Học liệu Trường Đại học Cần Thơ
LEADER 00553nam a2200193Ia 4500
001 CTU_4453
008 210402s9999 xx 000 0 und d
082 |a 895.92209 
082 |b Ph105 
100 |a Đào, Phan 
245 0 |a Đạo Khổng trong văn Bác Hồ 
245 0 |b Trích lục và chú giải 1921 - 1969 
245 0 |c Đào Phan 
260 |a Hà Nội 
260 |b VHTT 
260 |c 1996 
650 |a vietnamese literature 
650 |x history and criticism 
980 |a Trung tâm Học liệu Trường Đại học Cần Thơ